Industrial conditions and labour legislation in Japan

Saved in:
Bibliographic Details
Main Author: Ayusawa, Iwao F.
Format: Book
Language:Undetermined
Published: London P. S. King & Son, Ltd. 1926
Subjects:
Tags: Add Tag
No Tags, Be the first to tag this record!
Institutions: Trung tâm Học liệu Trường Đại học Cần Thơ
LEADER 00550nam a2200193Ia 4500
001 CTU_85976
008 210402s9999 xx 000 0 und d
082 |a 344 
082 |b A989 
100 |a Ayusawa, Iwao F. 
245 0 |a Industrial conditions and labour legislation in Japan 
245 0 |c Iwao F. Ayusawa 
260 |a London 
260 |b P. S. King & Son, Ltd. 
260 |c 1926 
650 |a Labor laws and legislation,Working class 
650 |z Japan,Japan 
904 |i Năm 
980 |a Trung tâm Học liệu Trường Đại học Cần Thơ